000 00299nam a22001337a 4500
008 170817b xxu||||| |||| 00| 0 eng d
020 _a3055006615A
041 _ager
080 _a51
100 _a36
101 _aMAT
245 _aSYSTOLISCHE ALGORITHMEN UND ARRAYS
_cPETKOV,N
942 _2udc
_cBK
999 _c23932
_d23932